000 00288 a2200157 4500
001 162523
020 _a
040 _cMagnum
100 _aBruschi, Eraides
240 1 0 _aDudim
_lpor
245 1 0 _aDudim
362 0 _a1899
440 1 _aMiguilim
697 _aI/GERAL
942 _cBK
999 _c162523
_d162523